00414nam a22001337a 450000500170000000800410001702000180005804000130007608200220008910000270011124500950013826000360023330000110026920170619090413.0170619b xxu||||| |||| 00| 0 eng d a9780300217179 cPK-LaUMT a956.910423bPHI-B aPhillips , Christopher aThe battle for Syria:binternational rivalry in the new middle East/cChristopher Phillips aLondon:bYale university,c2016 a303 p.